[Event "IECC M email"]
[Site "IECC email"]
[Date "1999.10.28"]
[Round "?"]
[White "Christensen, Del"]
[Black "Tomov, Bostjan"]
[Result "0-1"]
[WhiteElo "969"]
[BlackElo "1066"]
[PlyCount "54"]
[EventDate "1999.??.??"]
[EventType "tourn (corr)"]
[EventRounds "6"]
[SourceTitle "Corr 2008"]
[Source "ChessBase"]
[SourceDate "2008.06.24"]
[SourceVersion "1"]
[SourceVersionDate "2008.06.24"]
[SourceQuality "1"]

1. e4 d5 2. Bd3 Nc6 3. Nc3 e6 4. Nf3 d4 5. Ne2 e5 6. 0-0 Bd6 7. Re1 Bg4 8. Ng3 Nf6 9. c3 0-0 10. cxd4 exd4 11. Qc2 Nb4 12. Qc4 Be6 13. Qxd4 c5 14. Qc3 Bxg3 15. Re3 Bf4 16. Qxc5 Nxd3 17. Qc3 Bxe3 18. dxe3 Rc8 19. Qd2 Nxc1 20. Qb4 Nxe4 21. h3 Nxf2 22. Nd4 Bxh3 23. gxh3 Qh4 24. Qd2 Qg3+ 25. Kf1 Qxh3+ 26. Kxf2 Qh2+ 27. Ke1 Qg1# 0-1